Jednoduché ničenie nezmarov a ploskúl

Bibliographic Details
Main Author: Dokoupil, Norbert, 1938- (Author)
Format: Article
Language:Slovak
PhysicalDescription:Obr.
ISSN:1335-8308
Subjects:

MARC

LEADER 00000nab a2200000 a 4500
001 vtls000824987
003 SK-MaSNL
005 20260303204824.0
008 161006c2002 xo 0 slo
015 |a SNBRB2003/02-05064 
035 |a CLN000176642 
040 |a SNKBUCL  |b slo  |c SNKBUCL  |e AACR2 
041 0 |a slo 
044 |a xo  |c SK 
080 |a 636.98:597:619  |2 1997 
080 |a 639.34:619  |2 1997 
100 1 |a Dokoupil, Norbert,  |d 1938-  |4 aut  |9 111259 
245 1 0 |a Jednoduché ničenie nezmarov a ploskúl  |c Norbert Dokoupil 
300 |b Obr. 
504 |a Bibliogr. odkazy 
650 0 7 |a akváriá  |2 SNKPH  |9 21970 
650 0 7 |a nezmary  |2 SNK  |9 1238908 
650 0 7 |a ploskule  |2 SNK  |9 220484 
655 7 |a články z novín a časopisov  |2 SNK  |9 267496 
773 0 |x 1335-8308  |t Aquatera  |g Roč. 8, č. 5 (2002), s. 10-12 
850 |a Slovenská národná knižnica v Martine 
852 |a SNK  |b KIS3GCP 
958 |a NB 
958 |a RBX 
999 |c 2192021  |d 2193951